First Aid, the Vital Link (Запис № 281404)
[ простий вигляд ]
| 000 -Лідер | |
|---|---|
| fixed length control field | 00829nam a22002537a 4500 |
| 001 - Контрольний номер | |
| control field | 2162214035924541 |
| 003 - Ідентифікатор контрольного номера | |
| control field | UA-OsUOA |
| 005 - Дата та час останнього входження (трансакції) | |
| control field | 20240103155833.0 |
| 008 - Елементи даних фіксованої довжини – загальна інформація | |
| fixed length control field | 240103b -cnao||| |||| 00| 0 eng d |
| 020 ## - Міжнародний стандартний книжковий номер (ISBN) | |
| Міжнародний стандартний книжковий номер (ISBN) (НП) | 9781584800804 |
| 040 ## - Джерело каталогізації | |
| Агенція оригінальної каталогізації | UA-OsUOA |
| Мова каталогізації | ukr |
| Агенція, яка здійснювала перезапис | UA-OsUOA |
| Агенція, яка здійснювала модифікацію | UA-OsUOA |
| 041 ## - Код мови | |
| Код мови тексту/ звукової доріжки чи окремого заголовка (П) | eng |
| 080 ## - Індекс Універсальної десяткової класифікації | |
| Індекс Універсальної десяткової класифікації (УДК) (НП) | 61 |
| 090 ## - Локальний шифр розміщення | |
| Класифікаційний індекс УДК | 61 |
| Авторський знак (НП) | F56 |
| 245 ## - Відомості про назву | |
| Назва (НП) | First Aid, the Vital Link |
| Дані про відповідальність (НП) | Canadian Red Cross |
| 250 ## - Відомості про видання (редакцію) | |
| Відомості про видання (редакцію) (НП) | Second Edition |
| Решта відомостей про видання (редакцію) | Revised Edition 2000 |
| 260 ## - Публікація, розповсюдження і т.п. (Вихідні дані) | |
| Місце публікації, розповсюдження і т.п. (П) | Guelph |
| Ім’я/ наймення видавництва, розповсюджувача і т.п. (П) | Stay Well |
| Дата публікації, розповсюдження і т.п. (П) | 2001 |
| 300 ## - Фізичний опис | |
| Обсяг | 211 p. |
| 520 ## - Резюме і т.п. | |
| Резюме, реферат, анотація, тощо (НП) | First Aid, the Vital Link, second edition by the Canadian Red Cross. This is a revised edition containing year 2000 CPR guideline updates. |
| 650 ## - Додаткове предметне введення – тематичний термін | |
| Джерело заголовка чи терміна | UDC |
| Тематичний термін чи географічна назва, як елемент введення (НП) | 61 Медичні науки |
| 942 ## - Додаткові елементи входу (Коха) | |
| Тип елемента Koha | Книги |
| Source of classification or shelving scheme | Universal Decimal Classification |
| 955 ## - Код типу видання за змістом | |
| Код типу видання за змістом (НП) | Навчальні видання |
| Стан вилучень | Стан втрат | Джерело класифікації або схеми стелажів | Стан уражень | Не для кредиту | Постійне місце розташування | Поточне розміщення | Дата придбання | Джерело придбання | Вартість, звичайна ціна покупки | Усього замовленно | Повний номер виклику | Штрих-код | Дата останнього перегляду | Дата останньої перевірки | Вартість, ціна заміни | Ціна ефективна від | Тип елемента Koha |
|---|---|---|---|---|---|---|---|---|---|---|---|---|---|---|---|---|---|
| Universal Decimal Classification | ВІЛ - Відділ іноземн. літератури НБ | ВІЛ - Відділ іноземн. літератури НБ | 08/08/2005 | Акт № 5\05 | 2.00 | 1 | 61 F56 | 207957 | 08/04/2026 | 09/09/2025 | 2.00 | 26/12/2005 | Книги |